Equilíbrio Instável (Registo nº 874)

Detalhes MARC
000 -Etiqueta do registo
Cabeçalho 00500 a2200217 4500
005 - Identificador da versão
Campo de controlo 20240819123454.0
021 ## - Número do Depósito Legal
Código do país PT
035 ## - Other System Control Numbers
System Control Number 0000942
System Control Number 0000935
System Control Number 0000921
100 ## - Dados gerais de processamento
Dados gerais de processamento 20090202 m y0pory5003 ba
101 1# - Língua de publicação
Língua do texto, banda sonora, etc. Português
Língua do documento no original Inglês
102 ## - Pais de publicação ou produção
País de publicação Portugal
200 1# - Titulo e menção de responsabilidade
Título próprio Equilíbrio Instável
Primeira menção de responsabilidade Tony Richardson
Outras menções de responsabilidade Edward Albee
210 ## - Publicação, Distribuição, etc. 
Lugar da edição, distribuição, etc. Lisboa
Nome do editor, distribuidor, etc. Filmes Unimundos
215 ## - Descrição física 
Dimensões 128 minutos
225 2# - Colecção 
Título próprio da colecção American film theatre
942 ## - Elementos de entrada adicionados (Koha)
Tipo de item no Koha DVD
966 ## - Identificação da Biblioteca
Sigla NUMETECA
Exemplares
Situação do levantamento Origin of item (home branch) (coded) Biblioteca de empréstimo Código de barras Cota Circulation type (not for loan) Tipo de documento Nota do exemplar Damaged status
  Biblioteca Escolar Eng. Nuno Mergulhão Biblioteca Escolar Eng. Nuno Mergulhão BENM87DVD F EQU 87   DVD Sem mensagem